| 000 | 00556nam a2200181Ia 4500 | ||
|---|---|---|---|
| 003 | GCL | ||
| 008 | 140319s9999 xx 000 0 ara d | ||
| 040 |
_aGCL / _cGCL |
||
| 082 | 0 | 4 |
_aم _b412 _bا م |
| 100 | 1 | _aاميل يعقوب | |
| 245 | 1 | 0 |
_aمعجم الخطأ والصواب فى اللغة / _cاميل يعقوب |
| 300 | _a383 ص | ||
| 650 | 0 | 4 | _aاللغة العربية |
| 650 | 0 | 4 | _aالمعاجم |
| 650 | 0 | 4 | _aاللغة العربية - قواعد الاملاء |
| 650 | 0 | 4 | _aاللغة العربية - اخطاء |
| 942 |
_2ddc _cREF |
||
| 999 |
_c59668 _d59668 |
||